Memorias para ayudar a formar un diccionario crítico de los escritores catalanes (Barcelona, 1836) / (Record no. 115699)

MARC details
000 -LEADER
campo de control de longitud fija 00974nam a2200253 i 4500
001 - NÚMERO DE CONTROL
campo de control 115699
003 - IDENTIFICADOR DE NÚMERO DE CONTROL
campo de control ES-MaACL
005 - FECHA Y HORA DE LA ÚLTIMA TRANSACCIÓN
campo de control 20230906190534.0
007 - CAMPO FIJO DE DESCRIPCIÓN FÍSICA--INFORMACIÓN GENERAL
campo de control de longitud fija t|
008 - DATOS DE LONGITUD FIJA--INFORMACIÓN GENERAL
campo de control de longitud fija 070503s1973 sp b |||| |dspa d
080 ## - NÚMERO DE LA CLASIFICACIÓN DECIMAL UNIVERSAL
Número de la Clasificación Decimal Universal 016:[92:849.9
100 1# - ENTRADA PRINCIPAL--NOMBRE DE PERSONA
Nombre de persona Torres Amat, Félix.
9 (RLIN) 110925
245 10 - MENCIÓN DEL TÍTULO
Título Memorias para ayudar a formar un diccionario crítico de los escritores catalanes (Barcelona, 1836) /
Mención de responsabilidad, etc. per Fèlix Torres Amat.
260 ## - PUBLICACIÓN, DISTRIBUCIÓN, ETC.
Lugar de publicación, distribución, etc. Barcelona :
Nombre del editor, distribuidor, etc. Curial,
Fecha de publicación, distribución, etc. 1973.
300 ## - DESCRIPCIÓN FÍSICA
Extensión XLIV, 719 p. ;
Dimensiones 24 cm.
490 1# - MENCIÓN DE SERIE
Mención de serie Documents de cultura-facsímils ;
Designación de volumen o secuencia 1
534 ## - NOTA SOBRE LA VERSIÓN ORIGINAL
Frase introductoria Reprod. de la ed. de:
Publicación, distribución, etc. del original Barcelona : Imp. J. Verdaguer, 1836.
650 14 - PUNTO DE ACCESO ADICIONAL DE MATERIA--TÉRMINO DE MATERIA
Término de materia o nombre geográfico como elemento de entrada Escritores catalanes-
Subdivisión de forma Biobibliografías.
9 (RLIN) 12382
650 #4 - PUNTO DE ACCESO ADICIONAL DE MATERIA--TÉRMINO DE MATERIA
Término de materia o nombre geográfico como elemento de entrada Literatura catalana-
Subdivisión de forma Diccionarios.
9 (RLIN) 155213
785 00 - ENTRADA/ENLACE A UN TÍTULO POSTERIOR
Título Suplemento al Diccionario crítico de los escritores catalanes (Burgos, 1849)
830 0# - PUNTO DE ACCESO ADICIONAL DE SERIE-TÍTULO UNIFORME
Título uniforme Documents de cultura-facsímils ;
Designación de volumen o secuencia 1
9 (RLIN) 191160
852 ## - LOCALIZACIÓN
Ubicación ES-MaACL
Número de control de estantería C-54681
Holdings
Estatus retirado Estado de pérdida Estado de daño No para préstamo Colección Biblioteca de origen Biblioteca actual Ubicación en estantería Fecha de adquisición Fuente de adquisición Total de préstamos Signatura topográfica completa Código de barras Visto por última vez Precio de reemplazo Tipo de ítem Koha
        Colección de referencia Biblioteca del Ateneo de Madrid Biblioteca del Ateneo de Madrid Depósito 2 17/01/2008     C-54681 1120655 23/02/2023 23/02/2023 Libro impreso